Music Quiz

Random Music or Artist Quiz

Top Selling Albums Quiz Stats

 Plays Quiz Updated Aug 6, 2021

Support Sporcle.
Go Orange.
Score 0/76 Timer 13:00
6 Plays Today
Sold Album % Correct
33 MillionThriller
91.2%
26 MillionHotel California
69.8%
15 MillionDark Side of the Moon
69.3%
25 MillionBack in Black
69.2%
24 MillionThe Beatles
68.9%
23 MillionThe Wall
64.6%
38 MillionEagles Greatest Hits 1971-1975
57.3%
12 MillionAbbey Road
57.3%
14 Million21
57.2%
14 MillionSimon & Garfunkel's Greatest Hits
54.8%
11 MillionJames Taylor's Greatest Hits
54.7%
11 MillionAerosmith's Greatest Hits
54.7%
12 MillionKenny Rogers Greatest Hits
54.7%
23 MillionGreatest Hits Vol 1 and Vol 2
54.7%
17 MillionGreatest Hits
54.7%
15 MillionGreatest Hits
54.7%
14 MillionGreatest Hits 1974-1978
54.7%
12 MillionGreatest Hits
54.7%
23 MillionUntitled (Led Zeppelin IV)
52.9%
15 MillionBorn in the U.S.A.
52.8%
11 MillionSgt. Pepper's Lonely Hearts Club Band
51.8%
18 MillionAppetite for Destruction
51.2%
12 MillionLed Zeppelin II
47.5%
11 Million25
47.3%
16 MillionJagged Little Pill
46.6%
14 MillionBat Out of Hell
44.1%
11 Million1
43.4%
13 MillionPurple Rain Soundtrack
42.8%
20 MillionRumours
41.3%
16 MillionMetallica
41%
17 MillionBoston
40.4%
13 MillionTen
34.9%
11 MillionHouses of the Holy
34.8%
12 MillionSlippery When Wet
33.3%
16 MillionSaturday Night Fever Soundtrack
30.5%
16 MillionPhysical Graffiti
26.9%
18 MillionThe Bodyguard (Soundtrack)
26.5%
14 Million...Baby One More Time
23.4%
Sold Album % Correct
15 MillionLegend
22.3%
11 MillionSpeakerboxxx - The Love Below
21.9%
21 MillionCracked Rear View
21.6%
14 MillionBackstreet Boys
21.5%
12 MillionII
21.3%
12 MillionHysteria
21.2%
12 MillionHybrid Theory
21.1%
11 Million'N Sync
20.7%
13 MillionTapestry
19.8%
20 MillionCome on Over
19.7%
11 MillionNo Strings Attached
19.3%
15 MillionSupernatural
19.3%
13 MillionWhitney Houston
16%
11 MillionTitanic Soundtrack
15.2%
12 MillionCrazySexyCool
14.9%
12 MillionNo Jacket Required
14.2%
11 MillionUp!
12.7%
11 MillionLife After Death
11.9%
13 MillionMillennium
10.7%
18 MillionNo Fences
10.5%
17 MillionThe Beatles 1967-1970
10.4%
15 MillionThe Beatles 1962-1966
10.2%
11 MillionHuman Clay
9.9%
13 MillionWide Open Spaces
9.5%
14 MillionRopin' The Wind
9.5%
11 MillionFly
9.3%
12 MillionPieces of You
8.5%
11 MillionDevil Without a Cause
8.4%
12 MillionYourself or Someone Like You
8.2%
12 MillionHot Rocks
7.6%
12 MillionThe Woman In Me
5.8%
21 MillionDouble Live
5.5%
12 MillionForrest Gump Soundtrack
4.8%
11 MillionEagles Greatest Hits Vol. 2
4.8%
11 MillionDirty Dancing Sountrack
3.9%
12 MillionFalling Into You
3.8%
13 MillionBruce Springsteen and the E Street Band Live 1975-1985
3.8%
12 MillionBreathless
2.5%

From the Vault

NBA Shooting Guard Photo Minefield

by gazzso

Sports 2m
He shoots, he scores, he hopefully doesn't blow up on a mine.
Remove Ads.
Support Sporcle.
Get the best of Sporcle when you Go Orange. This ad-free experience offers more features, more stats, and more fun while also helping to support Sporcle. Thank you for becoming a member.

Show Comments

Extras

Top Quizzes Today


Score Distribution

Your Account Isn't Verified!

In order to create a playlist on Sporcle, you need to verify the email address you used during registration. Go to your Sporcle Settings to finish the process.

Report this User

Report this user for behavior that violates our Community Guidelines.

Details: